000
00316nam a22001457a 4500
008
230616b ||||| |||| 00| 0 eng d
020
_a
9781133365655
041
_a
eng
080
_2
9
_a
51
082
_a
51LOC
100
_a
23
101
_a
MATEM
245
_a
INTERMEDIATE ALGEBRA
_c
LOCKWOOD&A
942
_2
udc
_c
BK
999
_c
60003
_d
60003